000 01571cam a22004577a 4500
003 CHAP
005 20220329135441.0
008 971013s1987 r 00010 d
010 _a36715
011 _a37687
035 _a41807
040 _cCHAP
090 _aFolleto 12139
100 0 0 _aOrtega Murrieta, Pedro Francisco.
_983838
245 0 _aGuía para los cultivos agrícolas en los ríos Sonora y San Miguel
260 _aHermosillo, Son. :
_bINIFAP. Campo Agrícola Experimental. Costa de Hermosillo,
_c1987
300 _a82 p.
_b: ilus.
490 0 _aINIFAP. Folleto para productores
_v; 11
590 _aBATCH-UPD
_b10
_c20130110
_lUCH01
_h0222
590 _aBATCH-UPD
_b10
_c20130110
_lUCH01
_h1244
590 _aBATCH-UPD
_b10
_c20130409
_lUCH01
_h2242
590 _aBATCH-UPD
_b10
_c20130914
_lUCH01
_h0251
590 _aCONVERSION
_b10
_c20130109
_lUCH01
_h1321
650 1 4 _aAlfalfa como forraje.
_93899
650 1 4 _aAvena como forraje.
_98556
650 1 4 _aAzafrancillo.
_99048
650 1 4 _aCacahuate
_xSonora.
_916904
650 1 4 _aCebada como forraje.
_920721
650 1 4 _aChile (Botánica)
_xSonora.
_922391
650 1 4 _aCultivos
_xSonora.
_930327
650 1 4 _aFrijol
_xSonora.
_943436
650 1 4 _aLolium multiflorum.
_967504
650 1 4 _aMaíz
_xSonora.
_971063
650 1 4 _aSorgo como forraje.
_9108743
650 1 4 _aSorgo
_xSonora.
_9108723
650 1 4 _aTrigo
_xSonora.
_9115104
830 0 _aINIFAP. Folleto para productores
_v; 11
_958719
901 _aBK
942 _cFOLL
949 _aFolleto 12139
_bBC
_cFOLL
_d-96190
_eTS1
_i41807
_si
999 _c36715
_d36715